| 000 | 00896nam a2200265 4500 | ||
|---|---|---|---|
| 003 | OSt | ||
| 005 | 20260530115310.0 | ||
| 008 | 260417b1998 |||a||a| |||| 001 0 eng d | ||
| 020 | _a1564964612 | ||
| 040 |
_aICI _bspa _cICI |
||
| 041 |
_aspa _heng |
||
| 050 |
_aNC730 _bM55 |
||
| 100 | 1 |
_aR. Miller Alistair and M. Brown Jarde _d1952 _932629 |
|
| 240 |
_aDesign sense : graphic design on a limited budget / _leng |
||
| 245 | 1 | 0 |
_aDesign Sense Graphic Design in a limited budget _cR. Miller Anistatia and M. Brown Jared |
| 260 |
_aGloucester, Massachusetts : _bRockport _c1998 |
||
| 264 | 1 |
_bRockport Publishers _c1988 _aGloucester, Massachusetts : |
|
| 300 | _a160 páginas | ||
| 336 |
_atexto _2rdacontent |
||
| 337 |
_asin medio _2rdamedia |
||
| 338 |
_avolumen _2rdacarrier |
||
| 650 |
_aArtes gráficas _x Técnica |
||
| 700 |
_aJared M Brown, _d1964 _eautor _932631 |
||
| 942 |
_2ddc _cBK |
||
| 999 |
_c13291 _d13291 |
||